Principles of art appreciation / (Record no. 2953)
[ view plain ]
| 000 -LEADER | |
|---|---|
| fixed length control field | 01045nac a22002891u 4500 |
| 003 - CONTROL NUMBER IDENTIFIER | |
| control field | EG-ScBUE |
| 005 - DATE AND TIME OF LATEST TRANSACTION | |
| control field | 20220911114952.0 |
| 008 - FIXED-LENGTH DATA ELEMENTS--GENERAL INFORMATION | |
| fixed length control field | 200219t1949 nyuaf f 000 0 eng d |
| 035 ## - SYSTEM CONTROL NUMBER | |
| System control number | (OCoLC)510882 |
| 040 ## - CATALOGING SOURCE | |
| Original cataloging agency | EG-ScBUE |
| Language of cataloging | eng |
| Description conventions | rda |
| Transcribing agency | EG-ScBUE |
| Modifying agency | EG-ScBUE |
| 082 04 - DEWEY DECIMAL CLASSIFICATION NUMBER | |
| Classification number | 701.18 |
| Item number | PEP |
| Edition number | 22 |
| 100 1# - MAIN ENTRY--PERSONAL NAME | |
| Personal name | Pepper, Stephen C. |
| Fuller form of name | (Stephen Coburn), |
| Dates associated with a name | 1891-1972, |
| Relator term | author. |
| 245 10 - TITLE STATEMENT | |
| Title | Principles of art appreciation / |
| Statement of responsibility, etc | Stephen G. Pepper, professor of philosophy and aesthetics, chairman of the Department of Art, University of California, Berkeley. |
| 264 #1 - PUBLICATION, DISTRIBUTION, ETC. (IMPRINT) | |
| Place of publication, distribution, etc | New York, |
| Name of publisher, distributor, etc | Harcourt, Brace and Company, |
| Date of publication, distribution, etc | [1949] |
| 264 #4 - PUBLICATION, DISTRIBUTION, ETC. (IMPRINT) | |
| Date of publication, distribution, etc | c1949 |
| 300 ## - PHYSICAL DESCRIPTION | |
| Extent | vii, 326 pages : |
| Other physical details | illustrations, 20 plates ; |
| Dimensions | 24 cm |
| 336 ## - CONTENT TYPE | |
| Source | rdacontent |
| Content type term | text |
| Content type code | txt |
| 337 ## - MEDIA TYPE | |
| Source | rdamedia |
| Media type term | unmediated |
| Media type code | n |
| 338 ## - CARRIER TYPE | |
| Source | rdacarrier |
| Carrier type term | volume |
| Carrier type code | nc |
| 650 #7 - SUBJECT ADDED ENTRY--TOPICAL TERM | |
| Topical term or geographic name as entry element | Art criticism. |
| Source of heading or term | BUEsh |
| 650 #7 - SUBJECT ADDED ENTRY--TOPICAL TERM | |
| Topical term or geographic name as entry element | Art |
| General subdivision | Study and teaching. |
| Source of heading or term | BUEsh |
| 651 ## - SUBJECT ADDED ENTRY--GEOGRAPHIC NAME | |
| Source of heading or term | BUEsh |
| 653 ## - INDEX TERM--UNCONTROLLED | |
| Resource For college | Arts and Design |
| 655 ## - INDEX TERM--GENRE/FORM | |
| Form subdivision | Reading book |
| 9 (RLIN) | 34232 |
| 942 ## - ADDED ENTRY ELEMENTS (KOHA) | |
| Koha item type | Book - Borrowing |
| Source of classification or shelving scheme | Dewey Decimal Classification |
| Withdrawn status | Lost status | Damaged status | Not for loan | Home library | Current library | Shelving location | Date acquired | Source of acquisition | Total Checkouts | Total Renewals | Full call number | Barcode | Date last seen | Date checked out | Price effective from | Koha item type |
|---|---|---|---|---|---|---|---|---|---|---|---|---|---|---|---|---|
| Central Library | Central Library | Second Floor | 07/03/2013 | Purchase | 3 | 19 | 701.18 PEP | 000001205 | 15/07/2025 | 13/02/2018 | 13/03/2007 | Book - Borrowing |